000 00606nam a2200181Ia 4500
003 GCL
008 140319s9999 xx 000 0 ara d
040 _aGCL /
_cGCL
082 0 4 _a155.4
_bك ع
100 1 _aكاميليا عبدالفتاح
245 1 0 _aالعلاج النفسى الجماعى للاطفال باستخدام اللعب /
_cكاميليا عبدالفتاح
260 _aالقاهرة :
_bمكتبة النهضة المصرية ،
_c1991
300 _a125 ص ؛
_c22 سم
490 _a
650 0 4 _aالاطفال
650 0 4 _aامراض علم النفس
942 _2ddc
_cBK
999 _c33034
_d33034